Bundesland in Bildern - Bremen - Statistiken

Allgemein
  • Dieses Quiz wurde 53 mal gespielt
  • Das Durchschnittsergebnis liegt bei 11 aus 16
Antwortstatistiken
Bildquiz Antwort % Korrekt
Werder Bremen
100%
Bremer Stadtmusikanten
98%
Beck´s
95%
Weser
95%
Weserstadion
90%
Grünkohl
88%
Bremer Rathaus
86%
Roland
79%
Freimarkt
55%
Schnoor
48%
Hachez
45%
Universum
43%
Schlachte
38%
Überseestadt
33%
Bürgerschaft
29%
U-Boot-Bunker Valentin
29%
Keine übereinstimmenden Quizze gefunden
Verteilung der Resultate
Anzahl Personen mit jedem Resultat
Perzentil nach korrekt beantworteten Fragen
Ihre Resultats-Entwicklung
Sie haben dieses Quiz noch nicht gespielt